Invasion of the unicorns / David Biedrzycki.
Available copies
- 1 of 1 copy available at LARL/NWRL Consortium. (Show)
- 1 of 1 copy available at Northwest Regional Library.
Current holds
0 current holds with 1 total copy.
Show Only Available Copies
| Location | Call Number / Copy Notes | Barcode | Shelving Location | Status | Due Date |
|---|---|---|---|---|---|
| Warroad Public Library | e BIE (Text) | 35500006522682 | Main | Available | - |
Record details
- ISBN: 9781623542726
- ISBN: 1623542723
- Physical Description: 1 volume (unpaged) : illustrations (some color) ; ... Read More
- Publisher: Watertown, MA : Charlesbridge, [2021]
- Copyright: ©2021
Content descriptions
| Summary, etc.: | Secret agent Bubble07, who exactly resembles a ... Read More |
| Target Audience Note: | Ages 4-8. Charlesbridge Publishing. Grades K-1. Charlesbridge Publishing. |
Search for related items by subject
| Subject: | Unicorns > Juvenile fiction. Extraterrestrial beings > Juvenile fiction. Soft toys > Juvenile fiction. Humorous stories. Picture books for children. |
| LDR | 01581cam a22003978i 4500 | ||
|---|---|---|---|
| 001 | 379379 | ||
| 003 | LARL_NWRL_CONSORTIUM | ||
| 005 | 20211110151402.0 | ||
| 008 | 200902t20212021maua b 000 1 eng | ||
| 010 | . | ‡a2020033137 | |
| 020 | . | ‡a9781623542726 ‡q(hardcover) | |
| 020 | . | ‡a1623542723 | |
| 035 | . | ‡a(OCoLC)1193558795 | |
| 040 | . | ‡aNJQ/DLC ‡beng ‡erda ‡cDLC ‡dOCLCO ‡dOCLCF ‡dBDX ‡dYDX ‡dUKMGB ‡dNZ1 ‡dOCO ‡dGZD | |
| 042 | . | ‡alcac ‡apcc | |
| 082 | 0 | 4. | ‡a[E] ‡223 |
| 100 | 1 | . | ‡aBiedrzycki, David, ‡eauthor, ‡eillustrator. ‡0(LARL_NWRL_CONSORTIUM)117852 |
| 245 | 1 | 0. | ‡aInvasion of the unicorns / ‡cDavid Biedrzycki. |
| 264 | 1. | ‡aWatertown, MA : ‡bCharlesbridge, ‡c[2021] | |
| 264 | 4. | ‡c©2021 | |
| 300 | . | ‡a1 volume (unpaged) : ‡billustrations (some color) ; ‡c28 cm | |
| 336 | . | ‡atext ‡btxt ‡2rdacontent | |
| 336 | . | ‡astill image ‡bsti ‡2rdacontent | |
| 337 | . | ‡aunmediated ‡bn ‡2rdamedia | |
| 338 | . | ‡avolume ‡bnc ‡2rdacarrier | |
| 521 | . | ‡aAges 4-8. ‡bCharlesbridge Publishing. | |
| 521 | . | ‡aGrades K-1. ‡bCharlesbridge Publishing. | |
| 520 | . | ‡aSecret agent Bubble07, who exactly resembles a stuffed toy, is on Earth to assess whether or not the unicorns should invade the planet--but despite some bizarre Earth customs like show-and-tell, and annoying Earth dogs, ultimately suggests that Earth would serve as an excellent vacation destination for unicorns. | |
| 650 | 0. | ‡aUnicorns ‡vJuvenile fiction. | |
| 650 | 0. | ‡aExtraterrestrial beings ‡vJuvenile fiction. | |
| 650 | 0. | ‡aSoft toys ‡vJuvenile fiction. | |
| 650 | 0. | ‡aHumorous stories. ‡0(LARL_NWRL_CONSORTIUM)22555 | |
| 650 | 0. | ‡aPicture books for children. ‡0(LARL_NWRL_CONSORTIUM)28194 | |
| 901 | . | ‡a379379 ‡b ‡c379379 ‡tbiblio | |

Add to basket
Permalink
Disable Highlighting